000 00454nam a22001697a 4500
003 0
005 20260116110528.0
008 260116b xxu||||| |||| 00| 0 eng d
020 _a 9781547615131
082 _aFic
_bDi583 2021
100 _aDiño, Yxavel Magno
245 _aThe serpent rider
_cYxavel Magno Diño
260 _aNew York
_bBloomsburry Children's Book
_c2024
300 _a254 pages ;
_c22cm.
650 _aFiction.
942 _2ddc
_cBK
999 _c368715
_d368715